Behind the veil: (Record no. 26130)

MARC details
000 -LEADER
fixed length control field 00950nam a2200253 a 4500
005 - DATE AND TIME OF LATEST TRANSACTION
control field 20070209063634.0
008 - FIXED-LENGTH DATA ELEMENTS--GENERAL INFORMATION
fixed length control field 060905s2006 ii b b 001 0 eng
010 ## - LCCN (DPL NO)
LC control number ENG-93445
020 ## - INTERNATIONAL STANDARD BOOK NUMBER
International Standard Book Number 8188683744
Terms of availability 680.00
020 ## - INTERNATIONAL STANDARD BOOK NUMBER
International Standard Book Number 9788188683741
Terms of availability 680.00
035 ## - SYSTEM CONTROL NUMBER
System control number EN-76978
037 ## - SOURCE OF ACQUISITION
Source of stock number/acquisition DBAD / PUB
040 ## - CATALOGING SOURCE
Original cataloging agency dpl
Language of cataloging English
082 ## - DEWEY DECIMAL CLASSIFICATION NUMBER
Classification number 305.42
100 ## - MAIN ENTRY--PERSONAL NAME
Personal name Dhaka, Sunita
245 ## - TITLE STATEMENT
Title Behind the veil:
Statement of responsibility, etc by Sunita Dhaka [and] Rajvir S. Dhaka
Remainder of title dalit women in Panchayati Raj /
260 ## - PUBLICATION, DISTRIBUTION, ETC. (IMPRINT)
Place of publication, distribution, etc Delhi
Name of publisher, distributor, etc Abhijeet Publications
Date of publication, distribution, etc 2005
270 ## - ADDRESS
Address 2/46 Tukhmeerpur Extension
City Delhi
Postal code 110094
300 ## - PHYSICAL DESCRIPTION
Extent xvi, 327p.
Dimensions 22cm (Hb)
500 ## - GENERAL NOTE
General note Includes bibliographical references
700 ## - ADDED ENTRY--PERSONAL NAME
Personal name Dhaka, Rajvir S.
942 ## - ADDED ENTRY ELEMENTS (KOHA)
Source of classification or shelving scheme Dewey Decimal Classification
Item type English Books
Call number suffix DHA
Classification part 305.42
Holdings
Withdrawn status Lost status Source of classification or shelving scheme Damaged status Not for loan Collection code Home library Current library Date acquired Source of acquisition Cost, normal purchase price Total Checkouts Full call number Barcode Date last seen Copy number Cost, replacement price Koha item type
    Dewey Decimal Classification   Not For Loan Non-fiction D.B.Act.Division D.B.Act.Division 06/05/2009 DBAD / PUB 680.00   305.42 DHA EN-76978 06/05/2009 1 680.00 English Books

© Delhi Public Library
Hit Counter
free hit counter